000
00242nam a2200109Ia 4500
008
220204s9999 xx 000 0 und d
082
_a
82-3
_b
CAR
100
_a
Carmen, M
245
0
_a
Lost virgins
260
_a
Delhi
_b
Hind
_c
1977
942
_c
BK
999
_c
29089
_d
29089